000 00211 a2200097 4500
001 59359
100 _a
245 _aPAF law precis GDp and NGN courses
260 _aRisalpur
_bDOS
_c2009
090 _c36385
_d36385
942 _aNUST-CAE
_c
_c29319
999 _c294432
_d294432